[Event "NB II. Asztalos csoport"]
[Site "Kalocsa"]
[Date "2024.02.18"]
[Round "4.2"]
[White "Ruppaner, Janos"]
[Black "Bihercz, Gabor"]
[Result "0-1"]
[WhiteElo "2044"]
[BlackElo "2191"]
[PlyCount "42"]
[EventDate "2023.10.08"]
[EventType "team-tourn"]
[EventRounds "9"]
[EventCountry "HUN"]
[Source "chess.hu"]
[WhiteTeam "Kalocsai SK"]
[BlackTeam "Szentlorinc"]
[WhiteTeamCountry "HUN"]
[BlackTeamCountry "HUN"]

1. c3 Nf6 2. Na3 d5 3. Nc2 c5 4. d3 Nc6 5. e3 e5 6. h3 Bd6 7. g3 Be6 8. Bg2 Qd7
9. Ne2 e4 10. d4 c4 11. b3 b5 12. Rb1 O-O 13. Nf4 cxb3 14. axb3 b4 15. cxb4
Nxb4 16. Nxb4 Bxb4+ 17. Bd2 Qb5 18. Bf1 Qa5 19. Ne2 Rab8 20. Bxb4 Rxb4 21. Ra1
Ra4+ 0-1

[Event "NB II. Asztalos csoport"]
[Site "Kalocsa"]
[Date "2024.02.18"]
[Round "4.3"]
[White "Boros, Koppany"]
[Black "Molnar, Krisztian"]
[Result "1/2-1/2"]
[WhiteElo "2148"]
[BlackElo "1974"]
[PlyCount "40"]
[EventDate "2023.10.08"]
[EventType "team-tourn"]
[EventRounds "9"]
[EventCountry "HUN"]
[Source "chess.hu"]
[WhiteTeam "Szentlorinc"]
[BlackTeam "Kalocsai SK"]
[WhiteTeamCountry "HUN"]
[BlackTeamCountry "HUN"]

1. b3 Nf6 2. Bb2 c5 3. g3 Nc6 4. Bg2 d5 5. Nf3 Qc7 6. d4 cxd4 7. Nxd4 e5 8.
Nxc6 bxc6 9. O-O Bc5 10. c4 Be6 11. cxd5 cxd5 12. Nc3 Rd8 13. b4 d4 14. Nb5 Qb6
15. Rc1 Bxb4 16. Nc7+ Ke7 17. Rc6 Qa5 18. Nxe6 fxe6 19. Qc1 Rhe8 20. Bh3 Rd6
1/2-1/2

[Event "NB II. Asztalos csoport"]
[Site "Kalocsa"]
[Date "2024.02.18"]
[Round "4.4"]
[White "Nagy, Imre"]
[Black "Bene, Zoltan"]
[Result "0-1"]
[WhiteElo "2111"]
[BlackElo "2139"]
[PlyCount "60"]
[EventDate "2023.10.08"]
[EventType "team-tourn"]
[EventRounds "9"]
[EventCountry "HUN"]
[Source "chess.hu"]
[WhiteTeam "Kalocsai SK"]
[BlackTeam "Szentlorinc"]
[WhiteTeamCountry "HUN"]
[BlackTeamCountry "HUN"]

1. e4 c5 2. Nf3 d6 3. d4 cxd4 4. Nxd4 Nf6 5. Nc3 a6 6. Be2 e5 7. Nf3 h6 8. h3
Be6 9. O-O Nbd7 10. Re1 Be7 11. Bf1 Rc8 12. Nd5 Bxd5 13. exd5 Nb6 14. Be3 Nbxd5
15. c4 Nxe3 16. Rxe3 O-O 17. Qb3 b6 18. Rd1 Nd7 19. Qc2 Qc7 20. Qf5 g6 21. Qg4
Kh7 22. Bd3 f5 23. Qg3 e4 24. Bxe4 fxe4 25. Rxe4 Nc5 26. Rg4 d5 27. Ne5 Bd6 28.
Rxd5 Rce8 29. f4 g5 30. Rxc5 Qxc5+ 0-1

[Event "NB II. Asztalos csoport"]
[Site "Kalocsa"]
[Date "2024.02.18"]
[Round "4.5"]
[White "Drinoczi, Peter"]
[Black "Czibulka, Zoltan Dr"]
[Result "1-0"]
[WhiteElo "2035"]
[BlackElo "1861"]
[PlyCount "89"]
[EventDate "2023.10.08"]
[EventType "team-tourn"]
[EventRounds "9"]
[EventCountry "HUN"]
[Source "chess.hu"]
[WhiteTeam "Szentlorinc"]
[BlackTeam "Kalocsai SK"]
[WhiteTeamCountry "HUN"]
[BlackTeamCountry "HUN"]

1. e4 e6 2. d4 d5 3. e5 c5 4. c3 Nc6 5. Nf3 Qb6 6. a3 a5 7. Bd3 h6 8. O-O Bd7
9. Bc2 Rc8 10. dxc5 Bxc5 11. b4 Bf8 12. Bd3 Qc7 13. Qe2 g6 14. b5 Nd8 15. a4 b6
16. Bb2 Nb7 17. Nbd2 Nc5 18. Bc2 Bg7 19. c4 Ne7 20. cxd5 exd5 21. Rac1 O-O 22.
Rfe1 Qd8 23. Nd4 Rc7 24. f4 Ne6 25. Nxe6 Bxe6 26. Bd4 Qb8 27. Qf2 Rfc8 28. Nb3
Rb7 29. Bd3 Rcc7 30. Rxc7 Qxc7 31. Rc1 Qd8 32. Qc2 Qd7 33. Bf2 Bf8 34. Nd4 Kg7
35. Bh4 Nf5 36. Bf6+ Kh7 37. Nxe6 fxe6 38. Qc8 Qxc8 39. Rxc8 Bc5+ 40. Kf1 Ng7
41. h4 Rf7 42. h5 Rxf6 43. exf6 Nf5 44. Rc7+ Kg8 45. hxg6 1-0

[Event "NB II. Asztalos csoport"]
[Site "Kalocsa"]
[Date "2024.02.18"]
[Round "4.6"]
[White "Lukacs, Albert"]
[Black "Kohalmi, Endre Jr"]
[Result "1/2-1/2"]
[WhiteElo "1938"]
[BlackElo "2006"]
[PlyCount "185"]
[EventDate "2023.10.08"]
[EventType "team-tourn"]
[EventRounds "9"]
[EventCountry "HUN"]
[Source "chess.hu"]
[WhiteTeam "Kalocsai SK"]
[BlackTeam "Szentlorinc"]
[WhiteTeamCountry "HUN"]
[BlackTeamCountry "HUN"]

1. e3 g6 2. d4 Bg7 3. Nf3 Nf6 4. Bd3 O-O 5. O-O d5 6. b3 c5 7. Bb2 Nc6 8. c4
Ne4 9. cxd5 Qxd5 10. Bxe4 Qxe4 11. Nc3 Qf5 12. d5 Nb4 13. e4 Qh5 14. h3 b6 15.
a3 Na6 16. Na4 Bb7 17. Bxg7 Kxg7 18. Ra2 Rad8 19. Nc3 Nc7 20. Ne2 f5 21. Ng3
Qh6 22. Qa1+ Kg8 23. exf5 Nxd5 24. Qe5 Nf4 25. Ne4 gxf5 26. Neg5 Qd6 27. Qe3
Bxf3 28. Nxf3 Nd5 29. Qe2 Qf6 30. Qc4 Kh8 31. Re2 Rd7 32. Rfe1 Rfd8 33. Re6 Qg7
34. Nh4 Qg5 35. g3 b5 36. Qc2 f4 37. R1e5 Qg8 38. Qb2 Nf6 39. Rxe7 fxg3 40. f3
Rd1+ 41. Re1 Rxe1+ 42. Rxe1 Qg5 43. Ng2 Rd4 44. b4 Qd5 45. bxc5 Qxc5 46. Ne3
Kg8 47. Rc1 Rc4 48. Qb3 Kf8 49. Rxc4 bxc4 50. Qc3 Ke7 51. Kf1 Nh5 52. Ng4 Kd7
53. f4 Kc7 54. Qc2 Kb6 55. Ne5 Kb5 56. Qb2+ Ka6 57. Nd7 Qf2+ 58. Qxf2 gxf2 59.
f5 c3 60. Nc5+ Kb5 61. Nd3 Kc4 62. Nc1 c2 63. Kxf2 Kc3 64. Kf3 Kb2 65. Ne2 c1=Q
66. Nxc1 Kxc1 67. Kg4 Nf6+ 68. Kg5 Nd7 69. Kh6 a5 70. Kxh7 a4 71. Kg7 Kb2 72.
h4 Kxa3 73. h5 Kb4 74. h6 a3 75. h7 a2 76. h8=Q a1=Q+ 77. Kh7 Qh1+ 78. Kg7 Qg2+
79. Kf7 Qd5+ 80. Ke7 Kc4 81. Qh4+ Kc5 82. Qh6 Ne5 83. Qe6 Nc6+ 84. Kf6 Qd4+ 85.
Kg5 Qg1+ 86. Kf6 Qd4+ 87. Kg5 Qg1+ 88. Kf6 Qd4+ 89. Kg5 Qg7+ 90. Kf4 Nd4 91.
Qe5+ Qxe5+ 92. Kxe5 Nxf5 93. Kxf5 1/2-1/2

[Event "NB II. Asztalos csoport"]
[Site "Kalocsa"]
[Date "2024.02.18"]
[Round "4.7"]
[White "Hovorka, Tamas"]
[Black "Matota, Kornel Dr"]
[Result "0-1"]
[WhiteElo "2054"]
[BlackElo "1898"]
[PlyCount "64"]
[EventDate "2023.10.08"]
[EventType "team-tourn"]
[EventRounds "9"]
[EventCountry "HUN"]
[Source "chess.hu"]
[WhiteTeam "Szentlorinc"]
[BlackTeam "Kalocsai SK"]
[WhiteTeamCountry "HUN"]
[BlackTeamCountry "HUN"]

1. d4 Nf6 2. c4 c5 3. d5 b5 4. Qc2 d6 5. e4 bxc4 6. Bxc4 g6 7. f4 Bg7 8. Nf3
O-O 9. Nc3 Nbd7 10. O-O Nb6 11. Bb5 Bd7 12. Be2 Qc7 13. a4 a5 14. Rd1 Rfb8 15.
h3 Nh5 16. Nb5 Qc8 17. Kh2 Bh6 18. f5 Bxc1 19. Qxc1 Nxa4 20. Rxa4 Bxb5 21. Bxb5
Rxb5 22. fxg6 hxg6 23. Rf1 Nf6 24. Nh4 Rb4 25. Rxb4 cxb4 26. Qg5 Kh7 27. Nf5
gxf5 28. Rf3 Kh8 29. Qh4+ Nh7 30. Qxe7 Qf8 31. Qd7 Qe8 32. Qxd6 Qb8 0-1

[Event "NB II. Asztalos csoport"]
[Site "Kalocsa"]
[Date "2024.02.18"]
[Round "4.8"]
[White "Bartuszek, Andras"]
[Black "Horvath, Gergely"]
[Result "0-1"]
[WhiteElo "1784"]
[BlackElo "1902"]
[PlyCount "98"]
[EventDate "2023.10.08"]
[EventType "team-tourn"]
[EventRounds "9"]
[EventCountry "HUN"]
[Source "chess.hu"]
[WhiteTeam "Kalocsai SK"]
[BlackTeam "Szentlorinc"]
[WhiteTeamCountry "HUN"]
[BlackTeamCountry "HUN"]

1. e4 e6 2. e5 c5 3. c3 d5 4. exd6 Bxd6 5. d4 cxd4 6. Qxd4 Nf6 7. Bg5 Be7 8.
Nf3 Nc6 9. Qxd8+ Bxd8 10. Bb5 Bd7 11. a4 a6 12. Be2 Rc8 13. Nbd2 Nd5 14. Ne4
Be7 15. O-O h6 16. Bxe7 Kxe7 17. Rfe1 a5 18. Nc5 b6 19. Nxd7 Kxd7 20. Rad1 Kc7
21. Bb5 Nde7 22. Re4 Rcd8 23. Rde1 Rd6 24. b4 Rhd8 25. Bxc6 Nxc6 26. b5 Ne7 27.
Ne5 Rf8 28. f4 Rd2 29. g4 Nd5 30. f5 Rc2 31. c4 Nc3 32. R4e3 Nxa4 33. Rf3 exf5
34. Rxf5 f6 35. Nc6 Rf7 36. Rf4 Nb2 37. Re8 Rxc4 38. Rf2 Rxg4+ 39. Kf1 Nc4 40.
Ra8 Rd7 41. Re2 Rd1+ 42. Kf2 Rd2 43. Rxd2 Nxd2 44. Ke3 Nc4+ 45. Kf3 Rg5 46. h4
Rg1 47. Ne7 Kd6 48. Kf2 Rg4 49. Kf3 Ne5+ 0-1

[Event "NB II. Asztalos csoport"]
[Site "Kalocsa"]
[Date "2024.02.18"]
[Round "4.9"]
[White "Jerant, Gyorgy"]
[Black "Kenyeres, Zsolt"]
[Result "1-0"]
[WhiteElo "1932"]
[BlackElo "1522"]
[PlyCount "81"]
[EventDate "2023.10.08"]
[EventType "team-tourn"]
[EventRounds "9"]
[EventCountry "HUN"]
[Source "chess.hu"]
[WhiteTeam "Szentlorinc"]
[BlackTeam "Kalocsai SK"]
[WhiteTeamCountry "HUN"]
[BlackTeamCountry "HUN"]

1. e4 e5 2. Nf3 Nc6 3. Nc3 Nf6 4. Bb5 d6 5. d4 exd4 6. Nxd4 Bd7 7. Bf4 Be7 8.
Qd2 O-O 9. O-O-O Nxd4 10. Qxd4 a6 11. Bxd7 Nxd7 12. Kb1 Bg5 13. Bg3 Re8 14. f3
Bf6 15. Qd2 Be5 16. Bf2 Qf6 17. Nd5 Qd8 18. h4 c6 19. Ne3 Qb6 20. Nc4 Qc7 21.
Nxe5 Nxe5 22. Qxd6 Qd8 23. Qb4 Qc8 24. h5 h6 25. Qc3 Qe6 26. b3 a5 27. Bd4 f6
28. Bxe5 Qxe5 29. Qxe5 Rxe5 30. g4 a4 31. Rd7 axb3 32. axb3 Rea5 33. Rhd1 Ra1+
34. Kb2 R1a2+ 35. Kc3 b5 36. R1d2 Kf8 37. Rb7 R2a7 38. Rdd7 Rxb7 39. Rxb7 Rd8
40. Rc7 Rd6 41. Kb4 1-0

[Event "NB II. Asztalos csoport"]
[Site "Szentlorinc"]
[Date "2024.03.03"]
[Round "5.1"]
[White "Janoshalmi, Attila"]
[Black "Bihercz, Gabor"]
[Result "0-1"]
[WhiteElo "2203"]
[BlackElo "2197"]
[PlyCount "167"]
[EventDate "2023.10.08"]
[EventType "team-tourn"]
[EventRounds "9"]
[EventCountry "HUN"]
[Source "chess.hu"]
[WhiteTeam "Racalmas-Kiralysakk "]
[BlackTeam "Szentlorinc"]
[WhiteTeamCountry "HUN"]
[BlackTeamCountry "HUN"]

1. Nf3 g6 2. e4 Bg7 3. d4 d6 4. c3 Nd7 5. Bc4 e5 6. Bxf7+ Kxf7 7. Ng5+ Ke7 8.
Qb3 Nh6 9. Ne6 Qg8 10. Nxc7 Qxb3 11. axb3 Rb8 12. Bg5+ Kf8 13. Ne6+ Kf7 14.
Nxg7 Kxg7 15. Rxa7 Nf6 16. Bxf6+ Kxf6 17. d5 Bd7 18. Na3 Ke7 19. O-O Rhf8 20.
b4 Rf4 21. f3 b5 22. Ra1 g5 23. h3 Nf7 24. Nc2 h5 25. Ne3 Nh6 26. Ra8 Rxa8 27.
Rxa8 g4 28. Rh8 Nf7 29. Rxh5 gxh3 30. Kf2 hxg2 31. Nxg2 Rf6 32. Ne3 Rg6 33. b3
Rg8 34. c4 Ra8 35. cxb5 Bxb5 36. Nf5+ Kf6 37. Nxd6 Nxd6 38. Rh6+ Ke7 39. Re6+
Kd7 40. Rxe5 Ra3 41. Rh5 Rxb3 42. Rh7+ Ke8 43. Rh6 Ke7 44. Rh7+ Kf8 45. Rh8+
Kg7 46. Rb8 Kf6 47. Rb6 Ke5 48. f4+ Kxf4 49. Rxd6 Rb2+ 50. Kg1 Bd3 51. Rf6+
Kxe4 52. d6 Bb5 53. Rg6 Kf5 54. Rg2 Rxb4 55. Rd2 Ke6 56. Kf2 Bc6 57. Ke3 Rb5
58. Kd4 Rd5+ 59. Kc3 Rc5+ 60. Kb4 Rc1 61. Kb3 Bd5+ 62. Kb2 Rc8 63. d7 Rd8 64.
Rh2 Rxd7 65. Rh5 Kd6 66. Kc3 Kc5 67. Rh4 Rg7 68. Rh5 Rg3+ 69. Kb2 Rb3+ 70. Kc2
Ra3 71. Kb2 Ra2+ 72. Kc3 Rg2 73. Rh3 Rg4 74. Rh5 Rg3+ 75. Kb2 Kd4 76. Rh4+ Be4
77. Rh2 Rg8 78. Rh3 Rg2+ 79. Ka1 Bd3 80. Rh2 Rg6 81. Rh8 Kc3 82. Rc8+ Bc4 83.
Rb8 Ra6+ 84. Kb1 0-1

[Event "NB II. Asztalos csoport"]
[Site "Szentlorinc"]
[Date "2024.03.03"]
[Round "5.2"]
[White "Boros, Koppany"]
[Black "Remenyi, Szilard"]
[Result "1-0"]
[WhiteElo "2143"]
[BlackElo "1990"]
[PlyCount "125"]
[EventDate "2023.10.08"]
[EventType "team-tourn"]
[EventRounds "9"]
[EventCountry "HUN"]
[Source "chess.hu"]
[WhiteTeam "Szentlorinc"]
[BlackTeam "Racalmas-Kiralysakk "]
[WhiteTeamCountry "HUN"]
[BlackTeamCountry "HUN"]

1. e4 c5 2. b3 Nc6 3. Nf3 d6 4. Bb2 Nf6 5. Nc3 e6 6. d4 cxd4 7. Nxd4 e5 8. Nxc6
bxc6 9. Bc4 Be7 10. Qe2 O-O 11. O-O-O Qa5 12. Kb1 Rd8 13. h3 Be6 14. Bxe6 fxe6
15. g4 Qc7 16. g5 Ne8 17. g6 h6 18. Qg4 Qc8 19. Ne2 Nf6 20. Qg2 Rf8 21. f4 exf4
22. Nxf4 e5 23. Ne2 Nh5 24. Bc1 Qe6 25. Rhf1 Rf6 26. Rxf6 Nxf6 27. c4 a5 28. a4
Nd7 29. Be3 Rf8 30. Rg1 Bd8 31. Ng3 Bb6 32. Bxb6 Nxb6 33. Nf5 Rb8 34. Qg4 Re8
35. Ka1 d5 36. exd5 cxd5 37. c5 Nd7 38. Rc1 Nf6 39. Qf3 e4 40. Qf4 e3 41. Nd4
Qxh3 42. Qf3 Qxf3 43. Nxf3 Re7 44. c6 Ne8 45. Nd4 Nc7 46. Re1 Kf8 47. Kb2 e2
48. Kc2 Re5 49. Kd2 Ke7 50. Nxe2 Kf6 51. Nd4 Rxe1 52. Kxe1 Ke7 53. Ke2 Ne6 54.
Nb5 Nf4+ 55. Ke3 Nxg6 56. Kd4 Nf4 57. b4 axb4 58. a5 b3 59. Kc3 Ne6 60. a6 d4+
61. Kb2 d3 62. Kc1 Kd8 63. a7 1-0

[Event "NB II. Asztalos csoport"]
[Site "Szentlorinc"]
[Date "2024.03.03"]
[Round "5.3"]
[White "Katona, Ferenc"]
[Black "Wolosz, Janos"]
[Result "1/2-1/2"]
[WhiteElo "2117"]
[BlackElo "2149"]
[PlyCount "72"]
[EventDate "2023.10.08"]
[EventType "team-tourn"]
[EventRounds "9"]
[EventCountry "HUN"]
[Source "chess.hu"]
[WhiteTeam "Racalmas-Kiralysakk "]
[BlackTeam "Szentlorinc"]
[WhiteTeamCountry "HUN"]
[BlackTeamCountry "HUN"]

1. d4 d5 2. f4 Nf6 3. e3 Bf5 4. Nf3 e6 5. Bd3 c5 6. c3 Nc6 7. O-O Bd6 8. Ne5
O-O 9. h3 Qc7 10. Qc2 Ne7 11. g4 Bxd3 12. Qxd3 h5 13. Nd2 hxg4 14. Nxg4 Nh5 15.
Nf3 Nf5 16. Rf2 f6 17. Bd2 Kf7 18. Re1 Nhg3 19. Rg2 Rh8 20. Nf2 Qc6 21. Bc1 Ne4
22. Kh2 Rh5 23. Ng1 Rah8 24. Nxe4 dxe4 25. Qe2 Qc8 26. Qc2 Rxh3+ 27. Nxh3 Rxh3+
28. Kg1 Qh8 29. Rh2 Rg3+ 30. Kh1 Rh3 31. Rg1 Qh5 32. Rxh3 Qxh3+ 33. Qh2 Qf3+
34. Rg2 Qd1+ 35. Qg1 Qh5+ 36. Qh2 Qd1+ 1/2-1/2

[Event "NB II. Asztalos csoport"]
[Site "Szentlorinc"]
[Date "2024.03.03"]
[Round "5.4"]
[White "Bene, Zoltan"]
[Black "Remenyi, Lajos Jr"]
[Result "1-0"]
[WhiteElo "2148"]
[BlackElo "1987"]
[PlyCount "65"]
[EventDate "2023.10.08"]
[EventType "team-tourn"]
[EventRounds "9"]
[EventCountry "HUN"]
[Source "chess.hu"]
[WhiteTeam "Szentlorinc"]
[BlackTeam "Racalmas-Kiralysakk "]
[WhiteTeamCountry "HUN"]
[BlackTeamCountry "HUN"]

1. d4 Nf6 2. c4 g6 3. Nc3 d5 4. cxd5 Nxd5 5. e4 Nxc3 6. bxc3 Bg7 7. Bc4 O-O 8.
Ne2 c5 9. O-O Nc6 10. d5 Na5 11. Bd3 c4 12. Bc2 e6 13. Ba3 Re8 14. Ba4 Bd7 15.
dxe6 Bxa4 16. exf7+ Kxf7 17. Qxa4 Rxe4 18. Rfd1 Qe8 19. Qxa5 Rxe2 20. Qd5+ Re6
21. Qxb7+ Kg8 22. g3 Bxc3 23. Rac1 Be1 24. Bc5 Qc6 25. Rd7 Qxb7 26. Rxb7 c3 27.
Bd4 Rd8 28. Bxc3 Bxc3 29. Rxc3 Ra6 30. Rcc7 Rxa2 31. Rg7+ Kf8 32. Rxh7 Kg8 33.
Rxa7 1-0

[Event "NB II. Asztalos csoport"]
[Site "Szentlorinc"]
[Date "2024.03.03"]
[Round "5.5"]
[White "Mohacsi, Andras J"]
[Black "Drinoczi, Peter"]
[Result "1-0"]
[WhiteElo "2102"]
[BlackElo "2040"]
[PlyCount "57"]
[EventDate "2023.10.08"]
[EventType "team-tourn"]
[EventRounds "9"]
[EventCountry "HUN"]
[Source "chess.hu"]
[WhiteTeam "Racalmas-Kiralysakk "]
[BlackTeam "Szentlorinc"]
[WhiteTeamCountry "HUN"]
[BlackTeamCountry "HUN"]

1. e4 e5 2. Nf3 Nc6 3. d4 exd4 4. Nxd4 Bc5 5. Nb3 Bb6 6. Nc3 d6 7. Qe2 Nf6 8.
Bg5 h6 9. Bh4 g5 10. Bg3 Qe7 11. O-O-O Bg4 12. f3 Bh5 13. Bf2 Bg6 14. Bxb6 axb6
15. Qb5 O-O 16. Kb1 Ne5 17. Be2 Ra6 18. Nd5 Nxd5 19. Qxd5 Ra7 20. g3 Nc6 21. a3
Kg7 22. Nd4 Nxd4 23. Qxd4+ f6 24. Qc3 g4 25. fxg4 Bxe4 26. Rhe1 d5 27. Bf3 Re8
28. Bxe4 dxe4 29. Rd4 1-0

[Event "NB II. Asztalos csoport"]
[Site "Szentlorinc"]
[Date "2024.03.03"]
[Round "5.6"]
[White "Horvath, Gergely"]
[Black "Zelenak, Donat"]
[Result "1-0"]
[WhiteElo "1945"]
[BlackElo "1914"]
[PlyCount "84"]
[EventDate "2023.10.08"]
[EventType "team-tourn"]
[EventRounds "9"]
[EventCountry "HUN"]
[Source "chess.hu"]
[WhiteTeam "Szentlorinc"]
[BlackTeam "Racalmas-Kiralysakk "]
[WhiteTeamCountry "HUN"]
[BlackTeamCountry "HUN"]

1. d4 d5 2. c4 c6 3. Nc3 Nf6 4. Nf3 a6 5. c5 Nbd7 6. Bf4 Nh5 7. Bd2 Nhf6 8. Qc2
Qc7 9. e4 dxe4 10. Ng5 g6 11. Bc4 e6 12. Bxe6 fxe6 13. Nxe6 Qb8 14. Bf4 Qa7 15.
Nc7+ Kd8 16. Nxa8 Qxa8 17. Nxe4 Be7 18. Ng5 Ke8 19. O-O Nd5 20. Bd2 N7f6 21.
Rfe1 Bf5 22. Qb3 Qc8 23. f3 Kf8 24. Re5 h6 25. Ne4 Qc7 26. Re1 Nd7 27. Rxe7
Nxe7 28. Nd6 Nd5 29. g4 Bxg4 30. fxg4 Kg7 31. Ne8+ Rxe8 32. Rxe8 N7f6 33. Re2
Nxg4 34. Qf3 Qd7 35. Bf4 Qf7 36. Qxg4 Nxf4 37. Rf2 g5 38. h4 Kg6 39. b3 Qf6 40.
h5+ Kg7 41. Qd7+ Qf7 42. Qc8 Nh3+ 1-0

[Event "NB II. Asztalos csoport"]
[Site "Szentlorinc"]
[Date "2024.03.03"]
[Round "5.7"]
[White "Zsigmond, Karoly"]
[Black "Peregi, Zsolt"]
[Result "0-1"]
[WhiteElo "1891"]
[BlackElo "1941"]
[PlyCount "96"]
[EventDate "2023.10.08"]
[EventType "team-tourn"]
[EventRounds "9"]
[EventCountry "HUN"]
[Source "chess.hu"]
[WhiteTeam "Racalmas-Kiralysakk "]
[BlackTeam "Szentlorinc"]
[WhiteTeamCountry "HUN"]
[BlackTeamCountry "HUN"]

1. e4 c5 2. Nf3 Nc6 3. Bc4 e6 4. d4 cxd4 5. Nxd4 Nf6 6. Nxc6 bxc6 7. e5 Qa5+ 8.
Nd2 Qxe5+ 9. Be2 d5 10. O-O Be7 11. f4 Qc7 12. Nf3 Bc5+ 13. Nd4 O-O 14. Kh1 Qb6
15. c3 Ne4 16. Qa4 Bb7 17. Bd3 Rfd8 18. b4 Bxd4 19. cxd4 Qxd4 20. Bxe4 dxe4 21.
Rb1 e3 22. Bb2 Qe4 23. Rbe1 c5 24. Rf3 Rd2 25. Bc1 Rf2 26. Qd1 Rxf3 27. Qxf3
Qxf3 28. gxf3 Bxf3+ 29. Kg1 e2 30. bxc5 Rc8 31. Be3 Kf8 32. Kf2 Bh5 33. Bd4 f6
34. Rb1 Rd8 35. Rb4 e5 36. fxe5 fxe5 37. Bc3 Ke7 38. Rb7+ Ke6 39. c6 Rf8+ 40.
Kg2 Bf3+ 41. Kg1 Bxc6 42. Rb1 Rf3 43. Bd2 Be4 44. Re1 Bd3 45. Kg2 e4 46. Rc1
Kd5 47. a3 Bc4 48. Be1 Rxa3 0-1

[Event "NB II. Asztalos csoport"]
[Site "Szentlorinc"]
[Date "2024.03.03"]
[Round "5.9"]
[White "Csordas, Peter"]
[Black "Bogar, Gabor"]
[Result "1/2-1/2"]
[WhiteElo "1882"]
[BlackElo "1860"]
[PlyCount "57"]
[EventDate "2023.10.08"]
[EventType "team-tourn"]
[EventRounds "9"]
[EventCountry "HUN"]
[Source "chess.hu"]
[WhiteTeam "Racalmas-Kiralysakk "]
[BlackTeam "Szentlorinc"]
[WhiteTeamCountry "HUN"]
[BlackTeamCountry "HUN"]

1. e4 c6 2. d4 d5 3. exd5 cxd5 4. Bd3 Nf6 5. h3 Nc6 6. Nf3 e6 7. c3 Be7 8. Bf4
Qb6 9. Qc2 h6 10. Nbd2 Bd7 11. Ne5 Rc8 12. Qb1 a5 13. a4 Nxe5 14. Bxe5 O-O 15.
O-O Bc6 16. Qc2 Nd7 17. Bf4 Nf6 18. Nf3 Rfd8 19. Ne5 Be8 20. Kh1 Nd7 21. Nf3
Bd6 22. Be3 Qc7 23. Qd2 Bf8 24. Bf4 Qc6 25. g4 f6 26. h4 e5 27. Bb5 Qe6 28.
dxe5 Nxe5 29. Bxe5 1/2-1/2

[Event "NB II. Asztalos csoport"]
[Site "Szentlorinc"]
[Date "2024.03.03"]
[Round "5.10"]
[White "Csoszi, Csenge"]
[Black "Szabo, Levente Jr"]
[Result "0-1"]
[WhiteElo "1816"]
[BlackElo "1863"]
[PlyCount "110"]
[EventDate "2023.10.08"]
[EventType "team-tourn"]
[EventRounds "9"]
[EventCountry "HUN"]
[Source "chess.hu"]
[WhiteTeam "Szentlorinc"]
[BlackTeam "Racalmas-Kiralysakk "]
[WhiteTeamCountry "HUN"]
[BlackTeamCountry "HUN"]

1. e4 d5 2. exd5 Nf6 3. Nc3 Nxd5 4. Nxd5 Qxd5 5. d4 Nc6 6. c3 e6 7. Nf3 a6 8.
Be2 Be7 9. O-O b5 10. Bf4 Bd6 11. Ne5 Nxe5 12. Bxe5 Rb8 13. Bf3 Qc4 14. Qd2 b4
15. Be2 Qd5 16. c4 Qe4 17. Bf3 Qf5 18. Rfe1 O-O 19. Be4 Qh5 20. Re3 f5 21. Rh3
Qf7 22. Bc2 Bxe5 23. dxe5 Bb7 24. Rd1 Bc6 25. Qg5 Rfe8 26. Qh4 g6 27. Rdd3 Be4
28. Rdg3 Bxc2 29. Rxg6+ Qxg6 30. Rg3 Qxg3 31. Qxg3+ Kh8 32. Qg5 Rg8 33. Qf6+
Rg7 34. h4 Kg8 35. Qxe6+ Kf8 36. Qf6+ Kg8 37. h5 Rf7 38. Qg5+ Rg7 39. Qf6 Rf8
40. Qxa6 Be4 41. g3 Rd8 42. Qe6+ Rf7 43. g4 fxg4 44. h6 Bf5 45. Qc6 Bc8 46. Qc5
Rd1+ 47. Kg2 Rd2 48. Qe3 Rdxf2+ 49. Qxf2 Rxf2+ 50. Kxf2 c5 51. a3 bxa3 52. bxa3
Kf7 53. Kg3 Ke6 54. Kxg4 Kxe5+ 55. Kg5 Be6 0-1

[Event "NB II. Asztalos csoport"]
[Site "Szentlorinc"]
[Date "2024.03.03"]
[Round "5.11"]
[White "Radics, Nora"]
[Black "Fabian, Zsombor"]
[Result "1-0"]
[WhiteElo "1811"]
[BlackElo "1751"]
[PlyCount "71"]
[EventDate "2023.10.08"]
[EventType "team-tourn"]
[EventRounds "9"]
[EventCountry "HUN"]
[Source "chess.hu"]
[WhiteTeam "Racalmas-Kiralysakk "]
[BlackTeam "Szentlorinc"]
[WhiteTeamCountry "HUN"]
[BlackTeamCountry "HUN"]

1. e4 c5 2. c3 Nf6 3. e5 Nd5 4. d4 cxd4 5. cxd4 e6 6. Nf3 d6 7. Bc4 Nc6 8. O-O
Be7 9. Nbd2 O-O 10. Ne4 Nb6 11. Bb3 d5 12. Ng3 Bd7 13. Be3 f5 14. exf6 Bxf6 15.
Nh5 Be7 16. Ne5 Be8 17. Ng3 Nxe5 18. dxe5 Bg6 19. Qg4 Qd7 20. Rad1 Rad8 21. h4
Bf5 22. Nxf5 Rxf5 23. Bc2 Rf7 24. Bxb6 axb6 25. Ba4 b5 26. Bb3 Qc6 27. Kh1 Rf5
28. f4 g6 29. Rf3 Bxh4 30. Rc3 Qd7 31. Bc2 Rh5 32. Bxg6 hxg6 33. Qxg6+ Kh8 34.
Qxh5+ Qh7 35. Qxh7+ Kxh7 36. Rh3 1-0

[Event "NB II. Asztalos csoport"]
[Site "Szentlorinc"]
[Date "2024.03.03"]
[Round "5.12"]
[White "Antal, Daniel"]
[Black "Dalocsa, Vince"]
[Result "0-1"]
[WhiteElo "1681"]
[BlackElo "1578"]
[PlyCount "70"]
[EventDate "2023.10.08"]
[EventType "team-tourn"]
[EventRounds "9"]
[EventCountry "HUN"]
[Source "chess.hu"]
[WhiteTeam "Szentlorinc"]
[BlackTeam "Racalmas-Kiralysakk "]
[WhiteTeamCountry "HUN"]
[BlackTeamCountry "HUN"]

1. c4 e5 2. Nc3 Nc6 3. d3 h6 4. Nf3 Nf6 5. g3 Bb4 6. Bg2 d6 7. O-O O-O 8. a3
Bxc3 9. bxc3 Be6 10. Rb1 Rb8 11. Bd2 d5 12. cxd5 Bxd5 13. c4 Be6 14. Bc3 e4 15.
Ne5 Nxe5 16. Bxe5 exd3 17. exd3 b6 18. Rc1 Bf5 19. d4 Rc8 20. d5 Re8 21. Re1
Nd7 22. Bd4 Rxe1+ 23. Qxe1 Qe8 24. Qc3 f6 25. Re1 Qf7 26. f4 Re8 27. h3 Bg6 28.
d6 Rxe1+ 29. Qxe1 Qxc4 30. Qd2 Bf7 31. dxc7 Qxc7 32. Kf2 Nc5 33. Bxc5 Qxc5+ 34.
Kf1 Bc4+ 35. Ke1 Qg1+ 0-1

[Event "NB II. Asztalos csoport"]
[Site "Komlo"]
[Date "2024.03.03"]
[Round "5.1"]
[White "Halasz, Attila"]
[Black "Nemeth, Attila Janos"]
[Result "0-1"]
[WhiteElo "2079"]
[BlackElo "1935"]
[PlyCount "68"]
[EventDate "2023.10.08"]
[EventType "team-tourn"]
[EventRounds "9"]
[EventCountry "HUN"]
[Source "chess.hu"]
[WhiteTeam "Kalocsai SK"]
[BlackTeam "Komloi BSK"]
[WhiteTeamCountry "HUN"]
[BlackTeamCountry "HUN"]

1. d4 d5 2. Nf3 Nf6 3. g3 c5 4. Bg2 cxd4 5. Nxd4 e5 6. Nf3 Nc6 7. O-O Bc5 8. a3
e4 9. Ne1 O-O 10. Nc3 h6 11. Bf4 a6 12. h3 Re8 13. g4 d4 14. Na4 Ba7 15. b4 Nd5
16. Bg3 f5 17. gxf5 Bxf5 18. c4 Nf6 19. Qb3 Kh8 20. Rd1 Qc8 21. Kh2 Be6 22. Nc5
Bg8 23. Nc2 b6 24. Nxa6 b5 25. Nc7 Bxc4 26. Qb2 Bxe2 27. Nxe8 Qxe8 28. Nxd4
Nxd4 29. Rxd4 Bxf1 30. Bxf1 Bxd4 31. Qxd4 Rxa3 32. Be5 Qe6 33. Bxb5 Rxh3+ 34.
Kg1 Qg4+ 0-1